000
00224nam a2200097Ia 4500
008
190216s9999||||xx |||||||||||||| ||und||
100
_a
Thakazhi Sivasankara Pillai
245
0
_a
Anchu Pennungal
260
_b
Null
942
_c
BK
999
_c
23682
_d
23682